| 000 | 00442nam a22001577a 4500 | ||
|---|---|---|---|
| 005 | 20250610185309.0 | ||
| 008 | 250610b |||||||| |||| 00| 0 eng d | ||
| 020 |
_a9780071736312 _qpbk |
||
| 041 | _aeng | ||
| 082 | _a332.0240145 RYE | ||
| 100 | _aRye, David | ||
| 245 |
_aSave My 401(k)!: What You Can Do Now to Rebuild Your Retirement Future _c/ David Rye |
||
| 260 | _aMcGraw-Hill Education - | ||
| 300 | _a224pages | ||
| 942 | _cENGLISH | ||
| 999 |
_c571863 _d571863 |
||